Faculty of Law Library — Cairo University

Official Online Catalog

Hints On the Conduct of Criminal Investigation / (Record no. 69836)

MARC details
000 -LEADER
fixed length control field 00930nam a2200301 i 4500
003 - CONTROL NUMBER IDENTIFIER
control field EG-GICUC
005 - DATE AND TIME OF LATEST TRANSACTION
control field 20260409131440.0
008 - FIXED-LENGTH DATA ELEMENTS--GENERAL INFORMATION
fixed length control field 260409s1907 ua |||fr|||| 00| 0 eng d
040 ## - CATALOGING SOURCE
Original cataloging agency EG-GiCUC
Language of cataloging eng
Transcribing agency EG-GiCUC
Modifying agency EG-GiCUC
Description conventions rda
082 04 - DEWEY DECIMAL CLASSIFICATION NUMBER
Edition number 21
Classification number 343.363
Item number PA . H
092 04 - LOCALLY ASSIGNED DEWEY CALL NUMBER (OCLC)
Edition number 21
099 ## - LOCAL FREE-TEXT CALL NUMBER (OCLC)
Classification number Law1 10 343.363 PA . H 1907
100 1# - MAIN ENTRY--PERSONAL NAME
Personal name Parquet, Native
Relator term Author.
245 10 - TITLE STATEMENT
Title Hints On the Conduct of Criminal Investigation /
Statement of responsibility, etc. Native Parquet.
264 #1 - PRODUCTION, PUBLICATION, DISTRIBUTION, MANUFACTURE, AND COPYRIGHT NOTICE
Place of production, publication, distribution, manufacture Cairo :
Name of producer, publisher, distributor, manufacturer National Printing Department,
Date of production, publication, distribution, manufacture, or copyright notice 1907.
300 ## - PHYSICAL DESCRIPTION
Extent 162 pages;
Dimensions 24 cm
336 ## - CONTENT TYPE
Source rda content
Content type term text
337 ## - MEDIA TYPE
Source rda media
Media type term Computer
338 ## - CARRIER TYPE
Source rda carrier
Carrier type term Online Resource
500 ## - GENERAL NOTE
General note Index
546 ## - LANGUAGE NOTE
Language note Text in English
650 1# - SUBJECT ADDED ENTRY--TOPICAL TERM
Topical term or geographic name entry element Investigation Procedures
Source of heading or term qrmak
650 1# - SUBJECT ADDED ENTRY--TOPICAL TERM
Topical term or geographic name entry element Droit De Panél
Source of heading or term qrmak
651 1# - SUBJECT ADDED ENTRY--GEOGRAPHIC NAME
Source of heading or term qrmak
856 40 - ELECTRONIC LOCATION AND ACCESS
Uniform Resource Identifier <a href="https://fll.law.cu.edu.eg/fulltext/bks/B10-08638.pdf">https://fll.law.cu.edu.eg/fulltext/bks/B10-08638.pdf</a>
905 ## - Cataloger and Reviser Names
Cataloger Name: Yasmin Sayed
942 ## - ADDED ENTRY ELEMENTS (KOHA)
Source of classification or shelving scheme Dewey Decimal Classification
Koha item type Books
Edition 21
Suppress in OPAC No
Holdings
Withdrawn status Lost status Source of classification or shelving scheme Damaged status Not for loan Collection Home library Current library Date acquired Total checkouts Full call number Barcode Date last seen Copy number Price effective from Koha item type
    Dewey Decimal Classification   Not for loan القانون الجنائي جــــامعة القــاهرة مكتبة كلية الحقوق - المبنى الرئيسي 09.04.2026   Law1 10 343.363 PA . H 1907 1008638 C1 B10-08638 09.04.2026 1 09.04.2026 Books
    Dewey Decimal Classification     القانون الجنائي جــــامعة القــاهرة مكتبة كلية الحقوق - المبنى الرئيسي 09.04.2026   Law1 10 343.363 PA . H 1907 1008639 C2 B10-08639 09.04.2026 2 09.04.2026 Books
    Dewey Decimal Classification     القانون الجنائي مكتبة كلية الحقوق - فـرع الشيخ زايد مكتبة كلية الحقوق - فـرع الشيخ زايد 09.04.2026   Law2 10 343.363 PA . H 1907 1008649 C3 B10-08640 09.04.2026 3 09.04.2026 Books

© All rights reserved — Faculty of Law, Cairo University